| 000 | 00870nam a2200241Ia 4500 | ||
|---|---|---|---|
| 003 | OSt | ||
| 005 | 20220923220918.0 | ||
| 006 | a|||||r|||| 00| 0 | ||
| 007 | ta | ||
| 008 | 220922b |||||||| |||| 00| 0 hin d | ||
| 024 | _a192,128 | ||
| 037 | _cTextual | ||
| 040 |
_aARTS _cARTS _bhin |
||
| 041 |
_2hin _ahin |
||
| 082 | _aTz7, 152L4-;1 | ||
| 100 |
_aहैंस, निकोलस _9156291 |
||
| 245 | 0 | _aतुलनात्मक शिक्षा, अनु जगदीश प्रसाद व्यास | |
| 246 | _aTulanātmak shikṣhā, anu0 jagadīsh prasād vyāsa | ||
| 260 |
_aभोपाल _b मध्य प्रदेश हिन्दी ग्रंथ अकादमी _c1974 |
||
| 300 |
_a385पृ. _ccm. |
||
| 942 |
_hTz7, 152L4-;1 _cTEXL _2CC |
||
| 999 |
_c344772 _d344772 |
||